Films par GIFS #8 - Statistiques

Statistiques générales
  • Ce quiz a été pris 120 fois
  • Le résultat moyen est 12 sur 30
Statistiques - réponses
Hint Réponse % Correct
Gladiator I
79%
Gladiator II
73%
Les Sous-doués
73%
Scary Movie 3
73%
Vendredi 13 (VII)
71%
Le Bon, la Brute et le Truand
66%
Saw 3D
53%
Conjuring, les Dossiers Warren
52%
Les Dix Commandements
47%
Les Onze Commandements
44%
The Village
44%
La Boum
42%
L'Etudiante
42%
Il était une fois dans l'Ouest
40%
Peur sur la ville
40%
La Nonne II
37%
Mon Nom est Personne
35%
Duel
34%
Banzaï
27%
Casino
24%
La Nonne I
24%
Titanic
24%
I Spit on your grave
23%
Pour quelques dollars de plus
23%
Pour une poignée de dollars
23%
The Man From Earth
23%
Brainscan
19%
Jeepers Creepers 2
16%
La Dernière maison sur la gauche
16%
Britannic
10%
Aucun quiz correspondant
Distribution des résultats
% des personnes avec chaque résultat
Percentile par nombre de réponses
Votre historique - résultats
Vous n’avez pas pris ce quiz